000 00986cam a2200289 a 4500
005 20260322212045.0
008 data
010 _a 99087491
020 _a0205307639
020 _a9780205307630
040 _aDLC
_cDLC
_dDLC
050 0 0 _aHV45
_b.T68 2001
082 0 0 _a361.4
_221
100 1 _aToseland, Ronald W.
245 1 3 _aAn introduction to group work practice /
_cRonald W. Toseland & Robert F. Rivas.
246 3 0 _aGroup work practice
250 _a4th ed.
260 _aBoston :
_bAllyn and Bacon,
_c2001.
300 _ax, 550 p. :
_bill. ;
_c24 cm.
504 _aIncludes bibliographical references (p. 509-533) and index.
650 0 _aSocial group work.
700 1 _aRivas, Robert F.
906 _a7
_bcbc
_corignew
_d1
_eocip
_f19
_gy-gencatlg
925 0 _aacquire
_b1 shelf copy
_xpolicy default
001 data
999 _c1055
_d1055